000 01013nam a22002055i 4500
001 178713
003 ES-MaACL
005 20230906220605.0
008 110613s1973 sp o |||| | spa d
080 _a616.716
100 1 _aPericot Ayats, José.
_9147157
245 1 0 _aOsteotomías de los maxilares
_b: (estudio crítico sobre el tratamiento quirúrgico de las desviaciones morfológicas de los maxilares, que afectan a la oclusión dentaria y a los tejidos blandos vecinos) /
_cresumen de la tesis presentada para aspirar al grado de doctor en medicina por José Pericot Ayats.
260 _aBarcelona :
_bUniversidad de Barcelona, Secretariado de Publicaciones, Intercambio Científico y Extensión Universitaria :
_b[Ivern],
_c1973.
300 _a17 p. :
_bfot. bl. y n. ;
_c24 cm.
500 _aCub. tomada como port.
504 _aBibliografía: p. 16-17.
650 4 _aMaxilares-
_xCirugía.
_9147158
710 2 _aUniversidad de Barcelona.
_97141
852 _aES-MaACL
_jE-15361 (116)
_xOlim P-1374
999 _c178713
_d178713